| 000 | 00609nam a22002417a 4500 | ||
|---|---|---|---|
| 999 |
_c11322 _d11322 |
||
| 001 | 11322 | ||
| 003 | BD-JhCC | ||
| 005 | 20200211134008.0 | ||
| 008 | 190625b 2018bg a|||| ||a| 001 0 eng d | ||
| 020 | _a9840757229 | ||
| 035 | _a(BD-JhCC)11322 | ||
| 040 |
_aBD-JhCC _dBD-JhCC |
||
| 041 | _aeng | ||
| 082 |
_bRAH 2018 _a923.1 |
||
| 100 | _aRahman, Sheikh Mujibur | ||
| 245 |
_aPrison Diaries / _c Sheikh Mujibur Rahman. |
||
| 260 |
_aDhaka _bBangla Academy _c2018 |
||
| 300 |
_a360 P, : _bill _c24 cm |
||
| 600 | _aRahaman, Mujibur | ||
| 650 | _aBiography | ||
| 942 |
_2ddc _cBK _02 |
||